Revolución en filosofía
Đã lưu trong:
| Tác giả chính: | |
|---|---|
| Tác giả khác: | |
| Định dạng: | Sách |
| Ngôn ngữ: | Tiếng Tây Ban Nha |
| Được phát hành: |
Ciudad de México
Juan Grijalbo
1967
|
| Loạt: | Colección 70
|
| Những chủ đề: | |
| Các nhãn: |
Thêm thẻ
Không có thẻ, Là người đầu tiên thẻ bản ghi này!
|
MARC
| LEADER | 00000nam a2200000 a 4500 | ||
|---|---|---|---|
| 001 | UCW6446 | ||
| 003 | CL-VaPUC | ||
| 005 | 20240827162119.0 | ||
| 008 | 920109e19670000MX |||||||||||||||||spa|d | ||
| 999 | |c 219501 |d 219499 | ||
| 040 | |c Pontificia Universidad Católica de Valparaíso | ||
| 082 | 0 | 4 | |a 100 |b SEL |2 21 |
| 100 | 0 | |a Selsam, Howard |e author |9 311476 | |
| 245 | 1 | 0 | |a Revolución en filosofía |
| 260 | |a Ciudad de México |b Juan Grijalbo |c 1967 | ||
| 300 | |a 156 p | ||
| 490 | 0 | |a Colección 70 | |
| 583 | |a last modification |c 19920109 00:00:00 |k Rodrigo Vera | ||
| 650 | 0 | |a Filosofía |9 223554 | |
| 700 | |a Molina Sierralta, Oscar Luis |e traducción |9 865622 | ||
| 942 | |c BK |2 ddc | ||
| 945 | |d 19920109 00:00:00 | ||
| 952 | |0 0 |1 0 |4 0 |6 100_000000000000000_SEL_1967 |7 0 |8 A |9 210496 |a BIBEDU |b BIBEDU |d 2019-11-15 |i 2786362 |o 100 SEL 1967 |p 2786362 |r 2019-11-15 |w 2019-11-15 |y BK |k EDU | ||